Úloha Recyklačného fondu pri podpore recyklácie odpadov bakalárska práca
Guardado en:
| Autor principal: | |
|---|---|
| Autor Corporativo: | |
| Otros Autores: | |
| Formato: | Libro |
| Lenguaje: | eslovaco |
| Publicado: |
Bratislava
2012
|
| Etiquetas: |
Sin Etiquetas, Sea el primero en etiquetar este registro!
|
MARC
| LEADER | 00000nlm a2200000 4500 | ||
|---|---|---|---|
| 001 | 0154151 | ||
| 005 | 20170307144311.7 | ||
| 041 | 0 | |a slo | |
| 044 | |a SK | ||
| 245 | 1 | 0 | |a Úloha Recyklačného fondu pri podpore recyklácie odpadov |b bakalárska práca |c Michaela Šuteríková ; školiteľ: Vladimír Polačko |
| 264 | 1 | |a Bratislava |c 2012 | |
| 300 | |a 38 s. | ||
| 100 | 1 | |a Šuteríková, Michaela | |
| 700 | 1 | |a Polačko, Vladimír | |
| 710 | 2 | |a Fakulta podnikového manažmentu EU. Katedra manažmentu výroby a logistiky - zrušená | |